00672nam a2200181 a 450000100100000000500170001000800410002704000250006808200150009311000520010824500790016026000360023930000270027571000520030204900090035495201120036399900150047500000996220211025112953.0091002s1994 dr a 000 0 spa d aDO-SdBNPbspacBNPHU axxxbC822c2 aCorporación Dominicano de Electricidad91603510aCentrales hidroeléctricas de la Coporación Dominicana de Electricidad. aSanto Domingo :bC.D.E.,c1994. a69 P. :bil. ;c22 cm.2 aCorporación Dominicano de Electricidad916035 aBNPD 0010718PDaPDbPDcCTd2009-10-02iLF1l0oxxx C822cp9962-10r2020-06-25w2020-06-25yLFPDZNo se presta c9721d9721